01528 a2200181 45000010006000000050017000060080041000230030015000640400040000790800035001192450052001542500012002062640080002183000019002985050970003171000022012877000037013091726720260407155459.0260407a1967 arg spa dAR-UNSa-BCEJYS aAR-UNSa-BCEJYSbspacAR-UNSa-BCEJYS a657.47xContabilidad de Costos10aContabilidad de costospprincipios y práctica a2a. ed. 1aMéxico :bUnión Tipográfica Editorial Hispano-Americana (UTEHA)c1967 a959 p.c22 cm. a1. Naturaleza y amplitud del campo de la contabilidad de costos - 2. El ciclo de la contabilidad de costos en un sistema por órdenes específicas-Modelos - 3. El ciclo de la contabilidad de costos en un sistema por órdenes específicas - Asientos y estados de contabilidad - 4. Los libros de contabilidad en un sistema de contabilidad de costos - 5. El control de los materiales en la contabilidad de costos. Parte I: Compra, recepción y almacenamiento - 6. El control de los materiales en la contabilidad de costos. Parte II: Entrega, valuación y registros de inventarios - 7. La contabilidad financiera de la mano de obra en el sistema de contabilidad de costos - 8. Análisis y distribución de la nómina de la fábrica desde el punto de vista de la contabilidad de costos - 9. La carga fabril aplicada como elemento del costo - 10. Departamentalización de los costos indirectos de fabricación - 11. Resúmenes de costos y estados financieros1 aNeuner, John J.W.1 aFernández Cepero, Manuel de J.